| 000 | 00578nam a2200253Ia 4500 | ||
|---|---|---|---|
| 008 | 210210b2006 xxu||||| |||| 00| 0 eng d | ||
| 020 | _a0521689201 | ||
| 041 | _aeng | ||
| 082 | _a574.5 CHAE | ||
| 100 | _aCHAPMAN (J L) | ||
| 245 | _aEcology: principles and applications Ed 2 | ||
| 250 | _a | ||
| 260 |
_aU K _bCambridge University Press _c2006 |
||
| 300 | _avi,330 | ||
| 650 | _aprinciples | ||
| 650 | _aEd | ||
| 650 | _aEcology: | ||
| 650 | _aapplications | ||
| 650 | _aand | ||
| 650 | _a2 | ||
| 690 | _aEcology | ||
| 700 | _aREISS (M J) | ||
| 906 | _a064838 | ||
| 999 |
_c142026 _d142026 |
||